| 000 | 00729na a2200241 4500 | ||
|---|---|---|---|
| 001 | 16687 | ||
| 003 | MIRAKIL | ||
| 005 | 20181213154955.0 | ||
| 008 | 161009b tu 000 0 | ||
| 020 | _a9789758646401 | ||
| 040 |
_aMilas _btur _cTR-AnCHP |
||
| 041 | _atur | ||
| 082 |
_a956.101543 _bE62ç 2011 |
||
| 090 | _a956.101543 E62ç 2011 | ||
| 100 | _aErdemir, Lokman | ||
| 245 |
_aÇanakkale _bbir milletin varoluş destanı _b(cephe ve cephe gerisi) _cLokman Erdemir |
||
| 260 |
_aİstanbul _bÇamlıca Yayınları _c2011 |
||
| 300 |
_a291 s. _bfotg. ; hrt. ; tbl. _c27 sm. |
||
| 440 |
_aÇamlıca Yayınları _v39 |
||
| 504 | _aKaynakça ve dizin var. | ||
| 650 |
_aÇanakkale Savaşları _xTarih |
||
| 942 |
_2ddc _cBKS |
||
| 999 |
_c4162 _d4162 |
||